| 000 | 00822nam a2200205 i 4500 | ||
|---|---|---|---|
| 001 | 109482 | ||
| 003 | ES-MaACL | ||
| 005 | 20250811063142.0 | ||
| 007 | t| | ||
| 008 | 061121s1910 sp |||| | spa d | ||
| 100 | 1 |
_aOlóriz Aguilera, Federico, _d1855-1912 _987005 |
|
| 245 | 1 | 0 |
_aProcedimiento de identificación, cuál es preferible _b: importancia de su generalización : ponencia presentada al tema 5º de la sección V / _cpor Federico Olóriz Aguilera. |
| 260 |
_aMadrid : _bHijos de Reus , editores, _c1910. |
||
| 300 |
_a27 p. ; _c22 cm. |
||
| 500 | _aEn port.: Publicada por la Revista de Legislación y Jurisprudencia. | ||
| 594 | _aPrecede al tít.: Primer Congreso Penitenciario de Valencia. | ||
| 650 | 4 |
_aDactiloscopia. _9151776 |
|
| 852 |
_aES-MaACL _jT-1208-F-12 |
||
| 999 |
_c109482 _d109482 |
||